<?xml version="1.0" encoding="UTF-8"?>
<collection xmlns="http://www.loc.gov/MARC21/slim">
 <record>
  <leader>00831pamaa2200253   4500</leader>
  <controlfield tag="001">0000047849</controlfield>
  <controlfield tag="005">20130815090000.0</controlfield>
  <controlfield tag="008">100824                             eng  </controlfield>
  <datafield tag="020" ind1="0" ind2="0">
   <subfield code="a">9787117108003 (pbk.) </subfield>
  </datafield>
  <datafield tag="090" ind1="0" ind2="0">
   <subfield code="a">RD32 </subfield>
   <subfield code="b">SHA 2009</subfield>
  </datafield>
  <datafield tag="240" ind1="0" ind2="0">
   <subfield code="a">Shang De Jun Wai Ke Xin De Lu</subfield>
  </datafield>
  <datafield tag="245" ind1="1" ind2="0">
   <subfield code="a">Shang Jun De's Surgical Experiences Records = </subfield>
   <subfield code="l">Shang De Jun Wai Ke Xin De Lu  </subfield>
   <subfield code="c">Shang DeJun, Qin HongSong, Chen BoNan; </subfield>
   <subfield code="f">edited by She ShengLi.</subfield>
  </datafield>
  <datafield tag="250" ind1="0" ind2="0">
   <subfield code="a">1st ed.</subfield>
  </datafield>
  <datafield tag="260" ind1="0" ind2="0">
   <subfield code="a">Beijing, China: </subfield>
   <subfield code="b">People's Medical Publishing House, </subfield>
   <subfield code="c">2009.</subfield>
  </datafield>
  <datafield tag="300" ind1=" " ind2=" ">
   <subfield code="a">212p: </subfield>
   <subfield code="b">ill.; </subfield>
   <subfield code="c">24.</subfield>
  </datafield>
  <datafield tag="500" ind1="0" ind2="0">
   <subfield code="a">In Chinese</subfield>
  </datafield>
  <datafield tag="501" ind1="0" ind2="0">
   <subfield code="a">FMHS</subfield>
  </datafield>
  <datafield tag="600" ind1="1" ind2="0">
   <subfield code="a">DeJun, </subfield>
   <subfield code="h">Shang</subfield>
  </datafield>
  <datafield tag="650" ind1="0" ind2="0">
   <subfield code="a">Traditional Chinese Medicine </subfield>
  </datafield>
  <datafield tag="650" ind1="0" ind2="0">
   <subfield code="a">Surgery, Operative </subfield>
  </datafield>
  <datafield tag="700" ind1="1" ind2="1">
   <subfield code="a">HongSong, </subfield>
   <subfield code="h">Qin </subfield>
  </datafield>
  <datafield tag="700" ind1="1" ind2="1">
   <subfield code="a">BoNan, </subfield>
   <subfield code="h">Chen </subfield>
  </datafield>
  <datafield tag="700" ind1="1" ind2="1">
   <subfield code="a">ShengLi, </subfield>
   <subfield code="h">She </subfield>
  </datafield>
  <datafield tag="901" ind1=" " ind2=" ">
   <subfield code="u">www.pmph.com</subfield>
  </datafield>
 </record>
</collection>
